Library Banner

Rawadari Hinstustani samaj = رواداری ہندوستانی سماج میں / (Record no. 121634)

MARC details
000 -LEADER
fixed length control field 00560nam a22001457a 4500
005 - DATE AND TIME OF LATEST TRANSACTION
control field 20210315094623.0
008 - FIXED-LENGTH DATA ELEMENTS--GENERAL INFORMATION
fixed length control field 210315b ||||| |||| 00| 0 eng d
040 ## - CATALOGING SOURCE
Transcribing agency PK-LaUMT
082 ## - DEWEY DECIMAL CLASSIFICATION NUMBER
Classification number RHC 320.954
Item number ABU-R
100 ## - MAIN ENTRY--PERSONAL NAME
Personal name Abul Fahm Waheed Ali Khan = ابوالفہم وحید علی خان
245 ## - TITLE STATEMENT
Title Rawadari Hinstustani samaj = رواداری ہندوستانی سماج میں /
Statement of responsibility, etc by Abul Fahm Waheed Ali Khan = ابوالفہم وحید علی خان
260 ## - PUBLICATION, DISTRIBUTION, ETC. (IMPRINT)
Place of publication, distribution, etc Dehli :
Name of publisher, distributor, etc Markazi Maktaba Islami Publishers,
Date of publication, distribution, etc 1997
300 ## - PHYSICAL DESCRIPTION
Extent 98 p.
942 ## - ADDED ENTRY ELEMENTS (KOHA)
Koha item type Books
Holdings
Withdrawn status Lost status Damaged status Home library Current library Date acquired Full call number Barcode Date last seen Price effective from Koha item type
      UMT Main Campus UMT Main Campus 2021-03-15 RHC 320.954 ABU-R 136740 2021-03-15 2021-03-15 Books